| 000 | 00520cam a2200217ua 4500 | ||
|---|---|---|---|
| 020 | _cRs 7.50 | ||
| 041 |
_aeng _h |
||
| 082 |
_a620.1 _bJAI/AP |
||
| 100 | _aJainti, Prasad. | ||
| 245 |
_aApplied mechanics / _cJainti Prasad. _hTextual Documents |
||
| 250 |
_a1 / _b. |
||
| 260 |
_aRoorkee : _bRoorkee Publishing House , _c1963. |
||
| 300 | _a294 ; . | ||
| 365 | _aRs 7.50 | ||
| 504 | _a | ||
| 650 | _aMechanics | ||
| 700 | 1 | _aShukla, D P. | |
| 942 | _cBK | ||
| 999 |
_c214 _d214 |
||